<?xml version="1.0" encoding="UTF-8"?>
<record
    xmlns:xsi="http://www.w3.org/2001/XMLSchema-instance"
    xsi:schemaLocation="http://www.loc.gov/MARC21/slim http://www.loc.gov/standards/marcxml/schema/MARC21slim.xsd"
    xmlns="http://www.loc.gov/MARC21/slim">

  <leader>01061nam0a22002771  4500</leader>
  <controlfield tag="001">rc\4070142</controlfield>
  <controlfield tag="005">20250610233931.0</controlfield>
  <datafield tag="021" ind1=" " ind2=" ">
    <subfield code="a">RU</subfield>
    <subfield code="b">[53-11459]</subfield>
  </datafield>
  <datafield tag="035" ind1=" " ind2=" ">
    <subfield code="a">(NLR Aleph) 007965041</subfield>
  </datafield>
  <datafield tag="090" ind1=" " ind2=" ">
    <subfield code="a">8424096</subfield>
    <subfield code="c">8424096</subfield>
  </datafield>
  <datafield tag="100" ind1=" " ind2=" ">
    <subfield code="a">20130415d1953    |||y0rusy50      ca</subfield>
  </datafield>
  <datafield tag="101" ind1="0" ind2=" ">
    <subfield code="a">rus</subfield>
  </datafield>
  <datafield tag="102" ind1=" " ind2=" ">
    <subfield code="a">RU</subfield>
  </datafield>
  <datafield tag="105" ind1=" " ind2=" ">
    <subfield code="a">y   z   |||||</subfield>
  </datafield>
  <datafield tag="200" ind1="1" ind2=" ">
    <subfield code="a">&#x41A;&#x438;&#x43D;&#x43E;&#x441;&#x446;&#x435;&#x43D;&#x430;&#x440;&#x438;&#x438;</subfield>
    <subfield code="f">[&#x41F;&#x440;&#x435;&#x434;&#x438;&#x441;&#x43B;. &#x418;. &#x420;&#x430;&#x447;&#x443;&#x43A;&#x430;]</subfield>
  </datafield>
  <datafield tag="210" ind1=" " ind2=" ">
    <subfield code="a">&#x41C;&#x43E;&#x441;&#x43A;&#x432;&#x430;</subfield>
    <subfield code="c">&#x413;&#x43E;&#x441;&#x43A;&#x438;&#x43D;&#x43E;&#x438;&#x437;&#x434;&#x430;&#x442;</subfield>
    <subfield code="d">1953</subfield>
  </datafield>
  <datafield tag="215" ind1=" " ind2=" ">
    <subfield code="a">231 &#x441;.</subfield>
    <subfield code="d">23</subfield>
  </datafield>
  <datafield tag="327" ind1="0" ind2=" ">
    <subfield code="a">&#x421;&#x43E;&#x434;&#x435;&#x440;&#x436;: &#x413;&#x435;&#x43E;&#x440;&#x433;&#x438;&#x439; &#x421;&#x43A;&#x430;&#x43D;&#x434;&#x435;&#x440;&#x431;&#x435;&#x433;; &#x410;&#x43A;&#x430;&#x434;&#x435;&#x43C;&#x438;&#x43A; &#x418;&#x432;&#x430;&#x43D; &#x41F;&#x430;&#x432;&#x43B;&#x43E;&#x432;; &#x411;&#x44B;&#x43A;&#x43E;&#x432;&#x446;&#x44B;. (&#x420;&#x43E;&#x434;&#x43D;&#x44B;&#x435; &#x43F;&#x43E;&#x43B;&#x44F;)</subfield>
  </datafield>
  <datafield tag="464" ind1=" " ind2="0">
    <subfield code="1">2001#$a&#x413;&#x435;&#x43E;&#x440;&#x433;&#x438;&#x439; &#x421;&#x43A;&#x430;&#x43D;&#x434;&#x435;&#x440;&#x431;&#x435;&#x433;$a&#x410;&#x43A;&#x430;&#x434;&#x435;&#x43C;&#x438;&#x43A; &#x418;&#x432;&#x430;&#x43D; &#x41F;&#x430;&#x432;&#x43B;&#x43E;&#x432;$a&#x411;&#x44B;&#x43A;&#x43E;&#x432;&#x446;&#x44B;. (&#x420;&#x43E;&#x434;&#x43D;&#x44B;&#x435; &#x43F;&#x43E;&#x43B;&#x44F;)</subfield>
    <subfield code="t">&#x411;&#x44B;&#x43A;&#x43E;&#x432;&#x446;&#x44B;. (&#x420;&#x43E;&#x434;&#x43D;&#x44B;&#x435; &#x43F;&#x43E;&#x43B;&#x44F;)</subfield>
  </datafield>
  <datafield tag="700" ind1=" " ind2="1">
    <subfield code="a">&#x41F;&#x430;&#x43F;&#x430;&#x432;&#x430;</subfield>
    <subfield code="b">&#x41C;.&#x413;.</subfield>
    <subfield code="f">1906-1975</subfield>
    <subfield code="g">&#x41C;&#x438;&#x445;&#x430;&#x438;&#x43B; &#x413;&#x440;&#x438;&#x433;&#x43E;&#x440;&#x44C;&#x435;&#x432;&#x438;&#x447;</subfield>
  </datafield>
  <datafield tag="702" ind1=" " ind2="1">
    <subfield code="a">&#x420;&#x430;&#x447;&#x443;&#x43A;</subfield>
    <subfield code="b">&#x418;.</subfield>
    <subfield code="4">080</subfield>
  </datafield>
  <datafield tag="801" ind1=" " ind2="0">
    <subfield code="a">RU</subfield>
    <subfield code="b">NLR</subfield>
    <subfield code="g">psbo</subfield>
  </datafield>
  <datafield tag="801" ind1=" " ind2="1">
    <subfield code="a">RU</subfield>
    <subfield code="b">ELAR</subfield>
    <subfield code="2">rusmarc</subfield>
  </datafield>
  <datafield tag="852" ind1=" " ind2=" ">
    <subfield code="a">NLR</subfield>
    <subfield code="j">&#x418;&#x441;70 &#x413;-5/99</subfield>
  </datafield>
  <datafield tag="942" ind1=" " ind2=" ">
    <subfield code="c">BOOK</subfield>
  </datafield>
  <datafield tag="980" ind1=" " ind2=" ">
    <subfield code="a">NB</subfield>
  </datafield>
  <datafield tag="995" ind1=" " ind2=" ">
    <subfield code="5">2013-10-26</subfield>
    <subfield code="b">NLR02</subfield>
    <subfield code="c">NLR02</subfield>
    <subfield code="e">RFS</subfield>
    <subfield code="f">7965041-10</subfield>
    <subfield code="k">&#x418;&#x441;70 &#x413;-5/99</subfield>
    <subfield code="o">0</subfield>
    <subfield code="r">BOOK</subfield>
    <subfield code="s">70_599</subfield>
  </datafield>
</record>
